00727nam a22002057a 45000050016000000100015000160200026000310350013000570370013000700820012000831000027000952450076001222600041001982700056002393000027002956500019003229420026003419990017003679520137003842010081401351.0 aENG-100657 a9788190901376c595.00 aEN-84190 bDBAD/PUB a808.883 aTejani, Mohezin914108 aThank you, IDI amin:cby Mohezin Tejaniba memoir of the Asian exodus / aNew DelhibGlobal Vision Pressc2010 bNew Delhie110002a4855/24, Ansari Road, Daryaganj, axiii, 256p.c22cm (Hb) aMemoire914109 2ddccENh808.883mTEJ c42201d42201 001040718NFICaDBADbDBADd2010-08-16eDBAD/PUBg595.00l0o808.883 TEJpEN-84190r2010-08-16 00:00:00t1v595.00w2010-08-16yEN